Dopady systému obchodovania s emisnými kvótami na vybranú krajinu EÚ bakalárska práca

Uložené v:
Podrobná bibliografia
Hlavný autor: Drozda, Peter
Korporativný autor: Národohospodárska fakulta EU. Katedra ekonómie
Ďalší autori: Přívara, Andrej, 1983-
Médium: Kniha
Jazyk:Slovak
Vydavateľské údaje: Bratislava 2025
Tagy: Pridať tag
Žiadne tagy, Buďte prvý, kto otaguje tento záznam!

MARC

LEADER 00000nbm a2200000 4500
001 0309464
005 20251023085537.6
041 0 |a slo 
044 |a SK 
245 1 0 |a Dopady systému obchodovania s emisnými kvótami na vybranú krajinu EÚ  |b bakalárska práca  |c Peter Drozda ; školiteľ: Andrej Přívara 
264 1 |a Bratislava  |c 2025 
300 |a 67 s. 
100 1 |a Drozda, Peter 
700 1 |a Přívara, Andrej, 1983- 
710 2 |a Národohospodárska fakulta EU. Katedra ekonómie